000 01131nam a2200289 a 4500
001 ebr10375872
003 CaPaEBR
006 m u
007 cr cn|||||||||
008 100514s2010 cm s 000 0 eng d
020 _z9956616265
020 _z9789956616268
020 _z9789956616343 (e-book)
040 _aCaPaEBR
_cCaPaEBR
035 _a(OCoLC)647900912
043 _af-cm---
050 1 4 _aDT578
_b.T36 2010eb
100 1 _aTangwa, Godfrey B.
245 1 0 _aI spit on their graves
_h[electronic resource] :
_btestimony relevant to the democratization struggle in Cameroon /
_cGodfrey B. Tangwa.
260 _aBamenda, Cameroon :
_bLangaa RPCIG,
_c2010.
300 _axix, 201 p.
533 _aElectronic reproduction.
_bPalo Alto, Calif. :
_cebrary,
_d2010.
_nAvailable via World Wide Web.
_nAccess may be limited to ebrary affiliated libraries.
651 0 _aCameroon
_xPolitics and government
_y1982-
655 7 _aElectronic books.
_2local
710 2 _aebrary, Inc.
856 4 0 _uhttp://site.ebrary.com/lib/rucke/Doc?id=10375872
_zAn electronic book accessible through the World Wide Web; click to view
999 _c96665
_d96665